[Event "BL 2017-18"]
[Site "Germany"]
[Date "2018.05.01"]
[Round "15"]
[White "Keymer, Vincent"]
[Black "Predojevic, Borki"]
[Result "1/2-1/2"]
[WhiteElo "2443"]
[BlackElo "2640"]
[Annotator "TA"]
[PlyCount "91"]
[EventDate "2018.05.24"]
[EventType "team-tourn"]
[EventCountry "GER"]
[SourceTitle "playchess.com"]
[Source "ChessBase"]
[SourceQuality "1"]
[WhiteTeam "SF Deizisau"]
[BlackTeam "Solingen"]

{[%evp 13,91,25,30,-3,14,0,17,18,22,21,25,16,21,20,21,14,43,16,42,37,60,45,57,27,33,31,26,14,14,19,10,8,21,19,29,14,32,20,25,28,33,38,53,23,36,16,21,0,0,-30,-7,-14,-14,-14,-14,-5,0,0,0,-31,-20,-28,-29,-23,-29,-27,0,0,0,0,0,0,0,0,0,0,0,0,0,0]} 1. d4 Nf6 2. c4 e6 3. Nf3 d5 4. Nc3 a6 5. cxd5 exd5 6. Bg5 {D37: Queen's Gambit Declined: 5 Bf4} (6. Qb3 Be7 7. Bf4 O-O 8. e3 c6 9. Bxb8 Rxb8 10. Bxa6 Bd6 11. Be2 Re8 12. O-O h5 13. Qc2 g6 {0-1 (38) Gelfand,B (2695)-Andreikin,D (2712) Moscow 2018}) 6... Be6 7. e3 Nbd7 {LiveBook: 186 Games} 8. Ne5 {White has an edge.} Be7 9. Bd3 $146 ({Predecessor:} 9. Be2 Nxe5 10. dxe5 Nd7 11. Bxe7 Qxe7 12. Nxd5 Bxd5 13. Qxd5 c6 {0-1 (39) Stokke,K (2354)-Sunilduth Lyna,N (2501) Bangkok 2016}) 9... h6 10. Bf4 O-O 11. O-O c5 12. Rc1 Rc8 13. Bb1 cxd4 14. exd4 Re8 15. Re1 b5 16. Qd3 Nf8 17. a4 bxa4 18. Qxa6 (18. Nxa4 $5 {[%cal Re5c6]} Qa5 19. Nc3 $14) 18... Ra8 19. Qb5 a3 20. Nc6 Bd7 {[#] Hoping for ...Bxc6.} 21. Nxe7+ Rxe7 22. Qb3 axb2 23. Qxb2 Rxe1+ 24. Rxe1 Be6 25. f3 Rc8 26. Bd3 Qa5 27. Bd2 Qa7 28. Nb5 Qb6 29. Qa3 Bd7 30. Ba5 Qb8 $1 31. Rb1 {[#] Threatens to win with Nd6.} Bxb5 32. Bxb5 Qf4 33. Rd1 Ne6 34. g3 $132 {[%mdl 2048] White has counterplay} Qb8 35. Bf1 Rc2 36. Bd3 Rb2 37. Bc3 Rb3 38. Qa1 Ng5 39. Bc2 {[%cal Bd3c2,Bc2d1,Bd1e2][%mdl 32]} Rb7 40. Rd3 {The position is equal.} Qc8 41. Re3 g6 42. Qe1 Re7 {And now ...Nxf3+! would win.} 43. Bd1 Rxe3 44. Qxe3 Ne6 45. Be2 h5 46. h4 {Precision: White = 39%, Black = 67%.} 1/2-1/2

[Event "BL 2017-18"]
[Site "Germany"]
[Date "2018.05.01"]
[Round "15"]
[White "Womacka, Mathias"]
[Black "Handke, Florian"]
[Result "1/2-1/2"]
[WhiteElo "2439"]
[BlackElo "2534"]
[Annotator "TA"]
[PlyCount "60"]
[EventDate "2018.05.24"]
[EventType "team-tourn"]
[EventCountry "GER"]
[SourceTitle "playchess.com"]
[Source "ChessBase"]
[SourceQuality "1"]
[WhiteTeam "Schwaebisch Hall"]
[BlackTeam "Aachen"]

{[%evp 29,60,9,18,18,18,17,18,23,30,21,22,15,41,0,0,0,0,0,0,0,0,0,0,0,0,0,0,0,2,0,0,0,16]} 1. e4 d6 2. d4 Nf6 3. Nc3 g6 4. f4 Bg7 5. Nf3 c5 6. Bb5+ Bd7 7. e5 Ng4 8. Bxd7+ Qxd7 9. d5 dxe5 10. h3 e4 11. hxg4 {B09: Pirc Defence: Austrian Attack} exf3 12. Qxf3 Na6 13. Bd2 {[%cal Bc1d2,Bd2e1,Be1g3][%mdl 32]} O-O-O (13... Nb4 14. O-O-O O-O-O 15. Ne4 Nxd5 16. Nxc5 Qc6 17. Nd3 Kb8 18. Ne5 Bxe5 19. fxe5 {0-1 (64) Kovalev,V (2639)-Ponomariov,R (2694) Riadh 2017}) 14. O-O-O Nc7 15. Be1 f5 {LiveBook: 27 Games} 16. gxf5 Qxf5 17. g4 Qf7 $1 18. Bg3 h5 {[#]} 19. f5 $146 {Strongly threatening Bxc7.} hxg4 20. Qf4 {[%csl Gg3][%cal Rf4c7] [#]} Na6 21. Nb5 (21. fxg6 {seems wilder.} Qxg6 22. Rxh8 Rxh8 23. Kb1 Rf8 24. Qe3) 21... Rxd5 {...Rxh1 is the strong threat.The position is equal.} 22. Rxh8+ Bxh8 23. Rxd5 $40 {[%mdl 128] White mounts an attack.} Qxd5 24. fxg6 {[#] Hoping for Qf8+.} Qh1+ 25. Kd2 Qg2+ 26. Ke3 Kd8 27. Qf8+ Kd7 28. Qf5+ Kd8 $1 29. Qf8+ Kd7 30. Qf5+ Kd8 $1 {Precision: White = 83%, Black = 85%.} 1/2-1/2

[Event "BL 2017-18"]
[Site "Germany"]
[Date "2018.05.01"]
[Round "15"]
[White "Schmidek, Emil"]
[Black "Grigorian, Spartak"]
[Result "1/2-1/2"]
[WhiteElo "2395"]
[BlackElo "2321"]
[Annotator "TA"]
[PlyCount "108"]
[EventDate "2018.05.24"]
[EventType "team-tourn"]
[EventCountry "GER"]
[SourceTitle "playchess.com"]
[Source "ChessBase"]
[SourceQuality "1"]
[WhiteTeam "SFR Berlin"]
[BlackTeam "Werder Bremen"]

{[%evp 17,108,6,50,50,50,43,43,48,44,43,50,38,48,42,54,43,54,38,47,0,0,0,40,41,79,26,27,29,20,17,35,22,58,68,59,9,11,10,12,0,0,0,6,6,7,0,0,0,0,0,0,0,0,0,0,0,0,0,0,0,0,0,0,0,0,0,0,0,0,0,0,0,0,0,0,0,0,0,0,0,0,0,0,0,0,0,0,0,0,0,0,0,0]} 1. e4 c5 2. Nf3 d6 3. d4 cxd4 4. Nxd4 Nf6 5. Nc3 a6 6. Bg5 Nbd7 7. Bc4 Qb6 {B94: Sicilian Najdorf: 6 Bg5 Nbd7} (7... h6 8. Bh4 g6 9. Qe2 e5 10. Nb3 Be7 11. a4 Nb6 12. Bd3 Be6 13. a5 Nbd7 14. Bc4 Rc8 15. Bxe6 fxe6 16. O-O {1-0 (79) Nepomniachtchi,I (2751)-Fedoseev,V (2724) Moscow 2018}) 8. Bb3 e6 9. Qd2 Nc5 {LiveBook: 6 Games} 10. Bxf6 gxf6 11. O-O-O h5 $146 ({Predecessor:} 11... Bd7 12. f4 O-O-O 13. Kb1 Kb8 14. f5 h5 15. Rhf1 {½-½ (43) Firnhaber,I (2262)-Zejewski,P (2143) GER email 2012}) 12. f4 {[%cal Bf2f4,Bf4f5][%mdl 32]} Bd7 13. Kb1 O-O-O 14. Rhf1 Be7 15. f5 {aiming for fxe6.} Kb8 16. Qf2 {[#] Strongly threatening fxe6.} Qa5 17. Qf3 Rc8 18. fxe6 (18. a3 {with more complications.} Nxb3 19. cxb3 h4 20. Qe3 Qe5 21. Rf4) 18... fxe6 19. Nce2 f5 (19... Rh7 {keeps more tension.} 20. Bc4 Qb4 21. Bb3 Nxb3 22. Nxb3 Qb5) 20. exf5 Nxb3 21. Nxb3 (21. axb3 $16 e5 22. Ne6) 21... Qxf5 $11 22. Qxf5 exf5 23. Nbd4 Bf6 24. Nxf5 Bxf5 25. Rxf5 Be5 26. Nd4 Rcg8 {The position is equal.} 27. g3 h4 28. Nf3 hxg3 29. hxg3 Bxg3 30. Rfd5 Re8 31. a3 Rhf8 32. Nd4 Be5 33. Nb3 Rf2 34. Nd2 Bf4 35. Nb3 Rc8 36. Nd4 Be5 37. c3 Rh8 {[#] Hoping for ...Rhh2.} 38. Nb3 Bf4 39. Nc1 {With the idea Nd3.} Bxc1 40. Kxc1 {[%mdl 4096] Endgame KRR-KRR} Rhh2 {Threatens to win with ...Rc2+.} 41. R1d2 Rxd2 42. Rxd2 {KR-KR} Rh1+ 43. Kc2 Kc7 44. Kb3 b5 45. Rd4 Kc6 46. Kb4 Rh2 47. b3 Rh3 48. a4 bxa4 49. Rc4+ Kb6 50. Kxa4 d5 51. Rc8 Kb7 52. Rc5 Kb6 53. b4 Rg3 54. Rc8 Kb7 {Precision: White = 72%, Black = 69%.} 1/2-1/2

[Event "BL 2017-18"]
[Site "Germany"]
[Date "2018.05.01"]
[Round "15"]
[White "Braun, Christian"]
[Black "Zpevak, Pavel"]
[Result "1-0"]
[WhiteElo "2391"]
[BlackElo "2339"]
[Annotator "TA"]
[PlyCount "93"]
[EventDate "2018.05.24"]
[EventType "team-tourn"]
[EventCountry "GER"]
[SourceTitle "playchess.com"]
[Source "ChessBase"]
[SourceQuality "1"]
[WhiteTeam "Aachen"]

{[%evp 20,93,46,37,48,48,48,44,41,39,63,36,21,-13,19,27,110,86,84,83,74,98,104,64,117,120,140,129,114,117,106,95,364,364,363,347,412,414,377,394,363,279,281,281,275,269,223,213,288,289,291,272,425,405,442,436,615,606,581,534,437,359,1368,1106,1533,1475,1547,1136,6119,6070,12845,12050,5708,5740,5106,5102]} 1. e4 c5 2. Nf3 e6 3. d4 cxd4 4. Nxd4 Nc6 5. Nc3 Qc7 6. Be3 a6 7. Qd2 Nf6 8. f4 {B48: Sicilian: Taimanov: 5 Nc3 Qc7 6 Be3 a6 without Be2} Bb4 9. Bd3 d6 (9... Na5 10. a3 Bxc3 11. Qxc3 Qxc3+ 12. bxc3 d5 13. exd5 exd5 14. Nb3 Nc4 15. Bd4 Ne4 {1-0 (57) Carlsen,M (2834)-Matlakov,M (2718) Wijk aan Zee 2018}) 10. a3 Bc5 11. Nxc6 {LiveBook: 4 Games. Threatens to win with Bxc5.} Bxe3 $1 12. Qxe3 {And now Qg3 would win.} bxc6 13. O-O-O d5 $146 ({Predecessor:} 13... Nd7 14. h4 Rb8 15. Rh3 Qb6 16. Qxb6 Rxb6 {0-1 (70) Gaponenko,I (2411)-Kalinina,O (2322) Rivne 2016}) 14. Rhf1 Rb8 15. Qg3 O-O 16. e5 Nd7 17. Qh4 {[%csl Gd3][%cal Rh4h7]} f5 (17... g6 $11 {keeps the balance.}) 18. exf6 $1 $40 {[%mdl 128] White goes for the king.} Nxf6 {next ...c5 is good for Black.} 19. g4 $1 Qb6 20. b3 g6 21. Rf3 Rb7 {[#]} (21... Qa5 $14 22. Kb2 Rb7) 22. f5 $1 {[%cal Rf5g6]} g5 23. Qxg5+ Rg7 {[#]} 24. Qh4 $1 Rxg4 25. Qe1 c5 $2 {[%mdl 8192]} (25... exf5 $16 26. Bxf5 Re8 27. Bxg4 Rxe1 28. Rxe1 Nxg4 29. Re8+ Kg7 30. Rxc8 Qg1+ 31. Kb2 Qxh2) 26. fxe6 $18 Qxe6 27. Qf2 Qe5 {[#]} 28. Nxd5 $1 {[%mdl 512]} Kg7 (28... Qxd5 29. Bxh7+) 29. Nxf6 Rxf6 30. Rxf6 Qa1+ 31. Kd2 {Intending Rf7+ and mate.} Qxf6 32. Qxf6+ Kxf6 {[%mdl 4096] Endgame KRB-KRB} 33. Kc3 Rh4 34. Bxa6 Bxa6 {KRB-KR} 35. Rd6+ Ke5 (35... Kf5 $142) 36. Rxa6 Rxh2 {KR-KR} 37. b4 cxb4+ (37... Kf4 $142 38. bxc5 Ke5) 38. axb4 {[%cal Ba3b4,Bb4b5][%mdl 32]} Kd5 {and the idea ...Rh3+ leaves Black hopeful.} 39. Kb3 Rh3+ 40. c3 h5 $2 (40... h6 41. Ra5+ Kc6) 41. Rh6 {White is clearly winning.} h4 42. Rh5+ Kc6 43. b5+ Kb6 44. Kb4 Rh1 45. Rh6+ Kb7 46. Kc5 h3 47. Rh7+ {Precision: White = 91%, Black = 30%.} 1-0

[Event "BL 2017-18"]
[Site "Germany"]
[Date "2018.05.01"]
[Round "15"]
[White "Zwirs, Nico"]
[Black "Maiwald, Jens-Uwe"]
[Result "1/2-1/2"]
[WhiteElo "2378"]
[BlackElo "2441"]
[Annotator "TA"]
[PlyCount "42"]
[EventDate "2018.05.24"]
[EventType "team-tourn"]
[EventCountry "GER"]
[SourceTitle "playchess.com"]
[Source "ChessBase"]
[SourceQuality "1"]
[WhiteTeam "Muelheim"]
[BlackTeam "Dresden"]

{[%evp 23,42,0,-5,-15,13,0,14,20,41,8,33,21,56,14,23,35,30,22,43,39,50]} 1. e4 c5 2. Nf3 e6 3. d4 cxd4 4. Nxd4 a6 5. Nc3 b5 {[%cal Bb7b5,Bb5b4][%mdl 32]} 6. Bd3 Qb6 7. Nb3 Qc7 8. O-O Bb7 9. Qe2 Be7 {B43: Sicilian: Kan Variation: 5 Nc3} (9... Nf6 10. f4 d6 11. Kh1 Nbd7 12. Bd2 Nc5 13. Nxc5 dxc5 14. e5 Nd5 15. Nxd5 Bxd5 16. c4 bxc4 17. Bxc4 {1-0 (31) Movsesian,S (2702)-Pantsulaia,L (2595) Plovdiv 2012}) 10. f4 b4 11. Nd1 Nf6 12. c4 {[%cal Bc2c4,Bc4c5][%mdl 32]} d6 {LiveBook: 3 Games} 13. Nf2 Nc6 14. Be3 a5 15. c5 {Strongly threatening cxd6.} d5 16. e5 Nd7 17. Rac1 g6 $146 18. Nd4 Nxd4 19. Bxd4 Nb8 $1 20. Ng4 Nc6 21. Bf2 Qc8 1/2-1/2

[Event "BL 2017-18"]
[Site "Germany"]
[Date "2018.05.01"]
[Round "15"]
[White "Schramm, Christian"]
[Black "Parvanyan, Ashot"]
[Result "0-1"]
[WhiteElo "2376"]
[BlackElo "2413"]
[Annotator "TA"]
[PlyCount "84"]
[EventDate "2018.05.24"]
[EventType "team-tourn"]
[EventCountry "GER"]
[SourceTitle "playchess.com"]
[Source "ChessBase"]
[SourceQuality "1"]
[WhiteTeam "Zugzwang Muenchen"]
[BlackTeam "Norderstedt"]

{[%evp 24,84,21,15,39,-72,-63,-88,-33,-37,0,0,-3,-13,0,-51,-10,-78,-30,-77,-79,-97,-52,-91,-97,-131,-92,-133,-128,-124,-123,-135,-121,-131,-72,-83,-53,-64,-71,-70,-64,-70,-71,-168,-170,-150,-164,-155,-165,-149,-100,-102,-97,-105,-97,-192,-78,-102,-103,-132,-84,-218,-214]} 1. e4 {[%cal Be2e4,Be4e5][%mdl 32]} e6 2. d4 d5 3. Nd2 Nf6 4. Bd3 c5 5. e5 Nfd7 6. c3 Nc6 7. Ne2 cxd4 8. cxd4 f6 9. exf6 Nxf6 10. Nf3 Bd6 11. O-O Qc7 12. b3 {C06: French Tarrasch: 3...Nf6 4 e5 Nfd7 5 Bd3 main lines} (12. Bg5 O-O 13. Bh4 Nh5 14. Qc2 h6 15. Bh7+ Kh8 16. Bg6 Nf4 17. Nxf4 Rxf4 18. Bg3 Rxf3 19. gxf3 Qe7 20. Rad1 Bd7 21. Qc3 Rf8 22. Bb1 Kg8 {1-0 (41) Artemiev,V (2653)-Onischuk,V (2615) Martuni 2016}) 12... O-O 13. Bb2 {LiveBook: 5 Games} Nh5 14. Rc1 $146 (14. Nc3 $14) ({Predecessor:} 14. Ng3 Nf4 15. Rc1 Bd7 16. Bb1 Be8 17. Re1 h6 18. Ne5 Qe7 19. Nd3 Qf6 20. Nxf4 Bxf4 {½-½ (78) Barrientos Chavarriaga,S (2476)-Panesso Rivera,H (2341) Ibague 2013}) 14... Rxf3 $1 $17 15. gxf3 Bxh2+ ({Black should play} 15... Qe7 $17) 16. Kg2 $15 {Black must now prevent Rh1.} Nf4+ 17. Nxf4 Bxf4 18. Rh1 g6 19. Rc2 (19. Rc3 $11) 19... Qe7 {[%mdl 1024] Black has compensation.} 20. Re2 (20. Bc1 $11 {keeps the balance.} Qg5+ 21. Kf1) 20... Bd7 21. Ree1 Qg5+ 22. Kf1 Rf8 23. a3 a6 24. Qc2 Ne7 25. Ke2 Bd6 26. Reg1 Qf6 27. Ke1 Qxf3 28. Qe2 Qxe2+ (28... Qf6 $142 29. Rg2 Bb5 $1 {[%mdl 512]} 30. Bxb5 axb5) 29. Kxe2 $17 Nc6 30. Rh4 Be7 31. Rh2 Bd8 32. Rgh1 Rf7 33. Ke3 (33. f3 $17) 33... Bb6 $1 $19 34. f4 e5 $1 35. fxe5 Nxe5 36. Be2 Re7 37. Kd2 Ng4 38. Rg2 Ne3 $36 {[%mdl 2048] Black has strong initiative.} 39. Rg5 {[#]} (39. Rgh2 $17 {might work better.}) 39... Nf5 (39... Bc7 $1 $19 {and Black stays clearly on top. aiming for ...Bf4.} 40. Re5 Bxe5 41. dxe5 Nf5) 40. Bf3 Bc6 41. Re1 Rf7 42. Re5 {[#]} (42. Kd3 $17) 42... Bc7 $1 {Precision: White = 33%, Black = 50%.} ({Stronger than} 42... Bxd4 43. Bxd4 Nxd4 44. Bxd5 $11) 0-1

[Event "BL 2017-18"]
[Site "Germany"]
[Date "2018.05.01"]
[Round "15"]
[White "Hoffmann, Paul"]
[Black "Buckels, Valentin"]
[Result "0-1"]
[WhiteElo "2371"]
[BlackElo "2335"]
[Annotator "TA"]
[PlyCount "96"]
[EventDate "2018.05.24"]
[EventType "team-tourn"]
[EventCountry "GER"]
[SourceTitle "playchess.com"]
[Source "ChessBase"]
[SourceQuality "1"]
[WhiteTeam "Dresden"]
[BlackTeam "Muelheim"]

{[%evp 11,96,-4,0,-22,-26,-30,-22,-26,-7,-11,-2,-7,0,0,-7,-6,4,-30,-41,-90,-52,-262,-172,-175,-46,-96,-96,-186,-51,-51,-20,-70,-58,-75,-77,-56,-73,-92,-45,-82,-62,-96,-90,-120,-75,-97,-88,-99,-95,-152,-151,-193,-160,-216,-212,-193,-80,-137,-126,-402,-388,-482,-472,-716,-712,-831,-822,-1186,-896,-939,-822,-1033,-495,-610,-392,-503,-482,-481,-481,-487,-483,-468,-460,-448,-340,-357,-358]} 1. e4 e5 2. Bc4 Nf6 3. d3 c6 4. Nf3 d5 5. Bb3 a5 6. c3 {C24: Bishop's Opening: 2...Nf6} (6. a4 Bb4+ 7. c3 Bd6 8. Nbd2 O-O 9. O-O Nbd7 10. Re1 Re8 11. h3 h6 12. Nf1 Nf8 13. Ng3 Ng6 {0-1 (72) Leko,P (2691)-Li,C (2732) Riadh 2017}) 6... Bd6 {LiveBook: 5 Games} 7. Nbd2 O-O 8. O-O {Black has an edge.} Nbd7 9. Bc2 $146 ({Predecessor:} 9. Re1 Re8 10. Nf1 Nc5 11. Bc2 Bc7 12. d4 exd4 {½-½ (30) Gabriel,J (2073)-Schallner,M (1975) Ditzingen 2016}) 9... dxe4 10. dxe4 Bc7 11. b3 Qe7 12. a4 Rd8 13. Ba3 Qe8 14. Qb1 Nf8 {[%cal Bd7f8,Bf8g6,Bg6f4][%mdl 32]} 15. h3 Ng6 {Hoping for ...Bxh3!} 16. Re1 $2 (16. Nc4 $15) 16... Nf4 $19 17. Nc4 {[#]} b6 (17... Bxh3 $1 $19 {[%mdl 512]} 18. gxh3 Qd7) 18. Bc1 N6h5 $1 19. Ne3 {[#]} (19. Kh2 $17 {was called for.}) 19... Ba6 (19... Bxh3 $1 $19 {[%mdl 512] White must now prevent ...Qe6.} 20. g3 (20. gxh3 Qe6 $17) 20... Qe6) 20. c4 $15 Rd7 21. Kh2 Rad8 22. g3 Nd3 23. Bxd3 Rxd3 24. Nh4 {White wants to play Nd5!} R3d7 25. Ra2 Bd6 26. Qc2 Bb4 27. Rg1 Bc8 28. Qe2 Nf6 29. Nef5 Rd3 30. Bg5 (30. Rb2 $142) 30... Qe6 $17 31. Rb1 Bf8 $36 {[%mdl 2048] Black has strong initiative.} 32. g4 (32. Ng2 $17 {keeps fighting.}) 32... h6 $19 33. Bc1 {[#]} Rd1 (33... h5 $1 $19 {[%mdl 512] has better winning chances.} 34. gxh5 {[#]} Nxe4 $1 {[%mdl 512]} 35. Qxe4 R8d4 $1 {[%mdl 512]}) 34. Ne3 ({Better is} 34. Rab2) 34... R1d4 $17 35. Nhf5 $2 {[%mdl 8192]} (35. f3 $17 {was forced.}) 35... Nxe4 $19 36. Nxd4 exd4 ({Not} 36... Rxd4 37. Rc2 $17) 37. Nd1 (37. Nf1 $142 Qd6+ 38. Ng3) 37... d3 {[%cal Bd4d3,Bd3d2][%mdl 32]} 38. Qf3 d2 39. Bb2 Bd6+ 40. Kg1 c5 41. Ne3 Bb7 (41... Ng5 $142 42. Qf5 Qe7) 42. Raa1 Be5 43. Qf5 Nc3 {...Qc6 is the strong threat.} 44. Qxe6 fxe6 45. Nd1 Nxb1 46. Bxe5 Be4 47. Bc7 Rd7 48. Bxb6 Bc2 {Precision: White = 19%, Black = 49%.} 0-1

[Event "BL 2017-18"]
[Site "Germany"]
[Date "2018.05.01"]
[Round "15"]
[White "Zeller, Frank"]
[Black "Zaragatski, Ilja"]
[Result "1-0"]
[WhiteElo "2360"]
[BlackElo "2495"]
[Annotator "TA"]
[PlyCount "77"]
[EventDate "2018.05.24"]
[EventType "team-tourn"]
[EventCountry "GER"]
[SourceTitle "playchess.com"]
[Source "ChessBase"]
[SourceQuality "1"]
[WhiteTeam "Schwaebisch Hall"]
[BlackTeam "Aachen"]

{[%evp 9,77,37,38,34,48,0,89,88,83,93,93,95,112,100,175,169,169,151,193,187,199,50,52,75,58,17,15,22,22,0,0,-7,0,0,0,0,0,0,0,0,0,0,0,-46,0,0,0,0,0,0,0,0,0,0,0,0,91,88,394,84,2304,2153,29994,29988,29986,29987,29982,29963,29985,29985]} 1. d4 f5 2. c4 Nf6 3. Nc3 d6 4. Bg5 Nbd7 5. Qc2 g6 {LiveBook: 130 Games} 6. h3 {A85: Dutch Defence: 2 c4 Nf6 3 Nc3} (6. h4 Bg7 7. O-O-O c6 8. Nh3 Nf8 9. e3 Qa5 10. Kb1 Ne6 11. Be2 Bd7 12. Bxf6 Bxf6 13. g4 {1-0 (30) Nakamura,H (2787)-Anton Guijarro,D (2639) Gibraltar 2016}) 6... Bg7 $146 ({Predecessor:} 6... h6 7. Bxf6 Nxf6 8. g4 e6 9. O-O-O Bg7 10. e3 O-O 11. Bd3 c6 12. Nge2 Qe8 13. Rhg1 {1-0 (22) Levin,F (2552)-Sill,T (2265) Bad Wiessee 2007}) 7. g4 e5 (7... Ne4 $11 8. Nxe4 fxe4) 8. Nf3 $16 {White is better.} e4 9. Nh4 Nf8 10. gxf5 gxf5 11. Rg1 c6 (11... h6 $16 {keeps fighting.} 12. Be3 Nh5) 12. e3 $18 Qe7 13. d5 h6 14. Bf4 {dxc6 is the strong threat.} Nh5 {[#]} 15. Ng2 (15. dxc6 $1 $18 Qxh4 16. Nb5 bxc6 17. Nxd6+ Ke7 18. Qb3) 15... Nxf4 16. Nxf4 c5 17. Be2 Bd7 18. Bh5+ Kd8 {[%cal Be8d8,Bd8c8,Bc8c7][%mdl 32]} 19. a4 Be5 20. Qb3 Kc8 21. Nce2 Rh7 22. Kd2 Kc7 23. a5 Rg7 24. Rxg7 Qxg7 25. Rg1 Qf6 26. Kc2 Rb8 {[#] Strongly threatening ...b5.} 27. Qa3 ({Of course not} 27. Rg8 b5 $15) 27... b5 28. axb6+ $1 axb6 29. Ra1 Qh4 30. Qa7+ Rb7 31. Qa8 Bxf4 32. Qxf8 Bg5 (32... Be5 $1 $11 {keeps the balance.} 33. Ra8 b5) 33. Ng3 $16 {Hoping for Be8.} Bxe3 $2 {[%mdl 8192]} (33... Be7 $16 34. Qg8 Qg5 35. Qxg5 hxg5) 34. Be8 $2 $40 {[%mdl 128] White has strong attack.} (34. fxe3 $18 {and the rest is easy.} Qxg3 35. Ra8) 34... Bg5 $2 {[%mdl 8192]} (34... Qd8 $16 35. fxe3 Qxe8 36. Qxe8 (36. Qxh6 b5 $15) 36... Bxe8) 35. Bxd7 $18 Kxd7 36. Ra8 {White mates.} Bd8 37. Qxf5+ Ke8 38. Nxe4 Rd7 39. Nf6+ {Precision: White = 49%, Black = 52%.} 1-0

[Event "BL 2017-18"]
[Site "Germany"]
[Date "2018.05.01"]
[Round "15"]
[White "Moehn, Hans"]
[Black "Rezasade, Amir"]
[Result "1/2-1/2"]
[WhiteElo "2357"]
[BlackElo "2354"]
[Annotator "TA"]
[PlyCount "116"]
[EventDate "2018.05.24"]
[EventType "team-tourn"]
[EventCountry "GER"]
[SourceTitle "playchess.com"]
[Source "ChessBase"]
[SourceQuality "1"]
[WhiteTeam "Dresden"]
[BlackTeam "Muelheim"]

{[%evp 21,116,16,42,36,34,44,71,32,59,51,62,55,70,44,85,84,82,94,84,71,141,126,125,150,134,80,131,73,155,102,114,63,112,113,165,110,120,122,116,107,122,111,180,172,169,129,126,128,128,123,120,128,128,120,153,121,134,138,121,84,93,82,75,56,41,49,57,42,43,60,79,0,37,30,27,37,49,12,21,16,12,12,12,14,29,30,23,22,27,9,25,25,27,34,33,0,39]} 1. Nf3 Nf6 2. c4 g6 3. Nc3 c5 4. d4 cxd4 5. Nxd4 Nc6 6. Nc2 Bg7 7. e4 d6 8. Be2 Nd7 9. O-O O-O 10. Bd2 Nc5 11. f3 Ne6 {LiveBook: 3 Games. B37: Sicilian: Maroczy Bind with 5...Bg7, sidelines} (11... Bxc3 12. Bxc3 Na4 13. Qd2 f5 14. exf5 Bxf5 15. Ne3 Nxc3 16. bxc3 Rc8 17. f4 Na5 18. Rae1 Rc5 19. Nxf5 gxf5 {1-0 (31) Bocharov,D (2585)-Kokarev,D (2622) Khanty-Mansiysk 2017}) 12. Rb1 f5 $146 ({Predecessor:} 12... Ned4 13. Nxd4 Bxd4+ 14. Kh1 a5 15. Bh6 Bg7 16. Be3 Be6 17. Na4 f5 18. exf5 Bxf5 19. Rc1 {1-0 (39) Skembris,S (2470)-Radulov,I (2425) Xanthi 1990}) 13. exf5 gxf5 {White is slightly better.} 14. Nd5 Bd7 15. g3 Rc8 16. Be3 Ne5 17. b3 {[%cal Bb2b3,Bb3b4][%mdl 32]} Nc6 18. Qd2 Qe8 19. Rbd1 Qf7 20. Rf2 Rcd8 ({Black should play} 20... b6) 21. b4 $1 $16 Rc8 22. f4 b6 23. Rff1 (23. Bf3 $142) 23... Nb8 (23... Nc7 $142) 24. Na3 (24. Bf3 $142) 24... Ba4 (24... Nc7 $142) 25. Rb1 (25. Rc1 $142) 25... Bc6 26. Rfc1 (26. Rbc1 $16) 26... Nd7 27. Bf3 Nf6 (27... Rfd8 $16) 28. Qd3 (28. Nb5 $1 $18) 28... Ng4 {[#]} 29. Bxg4 $1 fxg4 {[#]} 30. Nb5 $1 {[%cal Rb5a7]} Bxb5 31. cxb5 Kh8 (31... Rcd8 $16) 32. Rc6 $18 Rce8 33. Rf1 Qf5 34. Qxf5 Rxf5 35. Rd1 Kg8 36. Rc4 Kf7 37. a4 Rb8 38. Bf2 h5 39. Ne3 Rf6 40. Rd5 Rh6 41. Nf5 Rhh8 42. Nxg7 Nxg7 43. Rc7 Rhc8 44. Rxa7 {Black must now prevent Rxd6.} Rc1+ 45. Kg2 Rc2 46. Kf1 (46. Rxd6 $1 $16 {Rd5 is the strong threat.} Nf5 47. Rd3) 46... Ke6 47. Rd1 {And now Re1+ would win.} Nf5 48. a5 {Hoping for Rb1.} bxa5 49. Re1+ Kf6 50. Rxa5 Rb2 51. b6 Rxb4 52. Raa1 R8xb6 53. Bxb6 Rxb6 $11 {KRR-KRN} 54. Rab1 Rc6 55. Rec1 Ra6 56. Ra1 Rb6 57. Rcb1 Rc6 58. Rc1 Rb6 {Precision: White = 48%, Black = 43%.} 1/2-1/2